000 00282 a2200121 4500
000 nam a22 7a 4500
005 20260413123943.0
100 _aRazavi
245 _aDesign of analog cmos intergrated circuits
250 _a2nd
260 _bMcGraw Hill
_c2024
942 _cTEXL
999 _c1848252
_d1848252